Central Library OPAC University of Rajshahi

Electronic communications / (Record no. 37818)

MARC details
000 -LEADER
fixed length control field 01307fam a2200253 a 4500
001 - CONTROL NUMBER
control field 37818
003 - CONTROL NUMBER IDENTIFIER
rucl marc code (BD-RjUL)
005 - DATE AND TIME OF LATEST TRANSACTION
control field 20211209052647.0
008 - FIXED-LENGTH DATA ELEMENTS--GENERAL INFORMATION
fixed length control field 940322s1995 njua 001 0 eng
020 ## - INTERNATIONAL STANDARD BOOK NUMBER
International Standard Book Number 8129701065
035 ## - SYSTEM CONTROL NUMBER
System control number (BD-RjUL)
040 ## - CATALOGING SOURCE
Original cataloging agency DLC
Transcribing agency (BD-RjUL)
082 00 - DEWEY DECIMAL CLASSIFICATION NUMBER
Classification number 621.382
Edition number 20
100 1# - MAIN ENTRY--PERSONAL NAME
Personal name Roddy, Dennis,
9 (RLIN) 117155
245 10 - TITLE STATEMENT
Title Electronic communications /
Statement of responsibility, etc. by Dennis Roddy, John Coolen.
250 ## - EDITION STATEMENT
Edition statement 4th ed.
260 ## - PUBLICATION, DISTRIBUTION, ETC. (IMPRINT)
Place of publication, distribution, etc. India :
Name of publisher, distributor, etc. Pearson Education,
Date of publication, distribution, etc. c1995 [2003 reprint] .
300 ## - PHYSICAL DESCRIPTION
Pagination ix, 820 p. :
Illustrations ill. ;
Size 24 cm.
500 ## - GENERAL NOTE
General note Includes index.
505 0# - FORMATTED CONTENTS NOTE
Formatted contents note 1. Passive Circuits -- 2. Waveform Spectra -- 3. Digital Line Waveforms -- 4. Noise -- 5. Tuned Small-Signal Amplifiers, Mixers and Active Filters -- 6. Oscillators -- 7. Receivers -- 8. Amplitude Modulation -- 9. Single-Sideband Modulation -- 10. Angle Modulation -- 11. Pulse Modulation -- 12. Digital Communications -- 13. Transmission Lines and Cables -- 14. Waveguides -- 15. Radio-Wave Propagation -- 16. Antennas -- 17. Telephone Systems -- 18. Facsimile and Television -- 19. Satellite Communications -- 20. Fiber-Optic Communications -- App. A Logarithmic Units -- App. B Transverse Electromagnetic Wave.
650 #0 - SUBJECT ADDED ENTRY--TOPICAL TERM
Topical term or geographic name as entry element Telecommunication.
9 (RLIN) 117156
700 1# - ADDED ENTRY--PERSONAL NAME
Personal name Coolen, John.
942 ## - ADDED ENTRY ELEMENTS (KOHA)
Source of classification or shelving scheme Dewey Decimal Classification
Koha item type Books
Holdings
Lost status Source of classification or shelving scheme Damaged status Not for loan Permanent Location Current Location Date acquired Total Checkouts Full call number Date last seen Copy number Koha item type
  Dewey Decimal Classification   Not For Loan Department of Information and Communication Engineering (ICE) Library Department of Information and Communication Engineering (ICE) Library 28/07/2015   621.382 ROE 1995 28/07/2015 C-1 Books